El paraíso amazónico del Perú : (Registro nro. 278)
[ vista simple ]
| 000 -Cabecera | |
|---|---|
| Campo de control interno | 00762nam a2200217Ia 4500 |
| 005 - Fecha y hora del registro | |
| control field | 20251226112353.0 |
| 008 - Elementos de Longitud Fija | |
| fixed length control field | 251203t1992||||xx |||||||||||||| ||spa|| |
| 020 ## - ISBN | |
| ISBN | 8460929113 |
| 041 ## - Idioma | |
| Codigo Idioma | Español-Inglés |
| 082 ## - DEWEY y NOTACIÓN INTERNA | |
| Dewey | 333.720985 |
| Notación Interna | M12 |
| 100 ## - AUTOR | |
| Autor denominación | MacQuarrie, Kim |
| Títulos y otras palabras asociadas con el nombre | AUT |
| 245 #0 - TÍTULO DE MATERIAL BIBLIOGRÁFICO | |
| Título | El paraíso amazónico del Perú : |
| Título paralelo | Manu, Parque Nacional y Reserva de la Biosfera |
| 246 ## - TÍTULO TRADUCIDO | |
| Título | Peru's amazonian eden : Manu, National Park and Biosphere Reserve |
| Autor | Rodríguez Monroy, Amalia |
| 260 ## - CIUDAD, EDITORIAL, AÑO | |
| Ciudad | Barcelona : |
| Nombre de la Editorial | Francis O. Patthey e hijos |
| Año | 1992 |
| 300 ## - DESCRIPCIÓN | |
| N° Páginas | 320 páginas : |
| Otros detalles | ilustraciones : |
| Dimensiones | 29 cm. |
| 650 ## - TEMAS | |
| Temas | Ciencias Sociales |
| 653 ## - DESCRIPTORES | |
| Lenguajes no controlado | Economía de la tierra; Conservación y protección |
| 700 ## - OTROS AUTORES | |
| Otros autores | Administración de negocios |
| 942 ## - ELEMENTOS DE KOHA | |
| Tipo de documento | Libro |
| Nombre del creador | Justo Noguera |
| Código de catalogador | Mirtha Ponce |
| Esquema de clasificación | Dewey Decimal Classification |
| Codigo completo | Registro | Colección | Copia número | Disponibilidad | Tipo de préstamo | Biblioteca Actual | Procedencia (Biblioteca) | Ubicacón | Fecha Ingreso | Tipo de Adquisición | Date last seen | Total checkouts | Price effective from | Tipo de Item | Estado del Material | Fuente de Clasificación | Damaged status | Withdrawn status |
|---|---|---|---|---|---|---|---|---|---|---|---|---|---|---|---|---|---|---|
| 333.720985 M12 | 1085157 | Colección Vera Bejar | 1 | Restringido | Víctor Andrés Belaunde | Víctor Andrés Belaunde | Planta baja cerrada | 03/12/2025 | Donación | 03/12/2025 | 03/12/2025 | Libro | Bueno | Dewey Decimal Classification | Withdrawn |




